Văn hóa và kinh doanh

שמור ב:
מידע ביבליוגרפי
מחבר ראשי: PHẠM VĂN NGHIÊM
פורמט: ספר
שפה:Undetermined
יצא לאור: Hà Nội Lao Động 2001
נושאים:
תגים: הוספת תג
אין תגיות, היה/י הראשונ/ה לתייג את הרשומה!
Thư viện lưu trữ: Trung tâm Học liệu Trường Đại học Cần Thơ
LEADER 00496nam a2200169Ia 4500
001 CTU_46586
008 210402s9999 xx 000 0 und d
082 |a 306 
082 |b Ngh304 
100 |a PHẠM VĂN NGHIÊM 
245 0 |a Văn hóa và kinh doanh 
245 0 |c PHẠM VĂN NGHIÊM, Trần Trúc Thanh, Vũ Hòa 
260 |a Hà Nội 
260 |b Lao Động 
260 |c 2001 
650 |a culture,sociology 
980 |a Trung tâm Học liệu Trường Đại học Cần Thơ